000 00322nam a2200157Ia 4500
100 _aRogers/Rick
650 _aAndroid
942 _cBK
366 _f25
245 _aAndroid application development
260 _bSPD
_c2009
082 _a5.133
_bROG
300 _a318
546 _aENGLISH
_celectronics
999 _c28223
_d28223